000 00728nam a2200265 i 4500
001 C2-0297085
003 PPAK
005 20180728075340.0
008 090507s2008 my |||| ||||| | may d
020 _a9789676121371
040 _aPPAK
_beng
_cPPAK
_erda
082 0 4 _a398.2
_223
090 0 0 _a398.2
_bHEI
_dK
100 0 _aHeidi Munan,
_eauthor
245 1 0 _aCerita rakyat orang Bidayuh
264 1 _aKuala Lumpur :
_bUtusan Publications ,
_c2008
300 _a107 pages ;
_c18 cm
336 _2rdacontent
_atext
337 _2rdamedia
_aunmediated
338 _2rdacarrier
_avolume
490 1 _aCerita rakyat Sarawak
650 1 0 _aTales - Malaysia - Sarawak
830 0 _aCerita rakyat Sarawak
942 _ddc
_cB
999 _c101474
_d101474